[Event "91st YMCA Spring 2011-C"]
[Site "Warszawa"]
[Date "2011.04.06"]
[Round "1"]
[White "Duda, Ryszard"]
[Black "Kwiek, Janusz"]
[Result "1-0"]
[WhiteElo "1769"]
[BlackElo "1755"]
[PlyCount "67"]
[EventDate "2011.04.06"]
[EventType "tourn"]
[EventRounds "1"]
[EventCountry "POL"]
[SourceDate "2011.04.06"]

1. e4 c5 2. Nf3 Nc6 3. d4 cxd4 4. Nxd4 e5 5. Nb3 Nf6 6. Nc3 Bb4 7. f3 O-O 8.
Bd2 Qb6 9. a3 Be7 10. Bc4 a5 11. Rb1 a4 12. Nc1 Bc5 13. Nd3 Be7 14. Qc1 d6 15.
Be3 Qa5 16. Qd2 Bd7 17. O-O Nd4 18. Qf2 Qc7 19. Ba2 Nb5 20. Nd5 Nxd5 21. Bxd5
Rac8 22. c4 Nd4 23. Bxd4 exd4 24. Qxd4 Bf6 25. Qf2 b5 26. Rfc1 bxc4 27. Rxc4
Qa5 28. Rxc8 Rxc8 29. Nb4 Rc5 30. Rd1 Bb5 31. g3 Qc7 32. Qd2 h6 33. Ba2 Be7 34.
Nd5 1-0

[Event "91st YMCA Spring 2011-C"]
[Site "Warszawa"]
[Date "2011.04.29"]
[Round "1"]
[White "Pastuszko, Kinga"]
[Black "Koziol, Pawel"]
[Result "1-0"]
[WhiteElo "1804"]
[BlackElo "1814"]
[PlyCount "87"]
[EventDate "2011.04.06"]
[EventType "tourn"]
[EventRounds "1"]
[EventCountry "POL"]
[SourceDate "2011.04.06"]

1. e4 d6 2. d4 Nf6 3. Nc3 g6 4. Bg5 c6 5. f4 b5 6. Bd3 Bg7 7. Nf3 O-O 8. Qd2 a5
9. O-O b4 10. Nd1 Ba6 11. Bxa6 Nxa6 12. Qd3 Re8 13. Ne3 d5 14. Bxf6 dxe4 15.
Qxe4 Bxf6 16. Ne5 c5 17. d5 e6 18. Rad1 exd5 19. Rxd5 Qc8 20. N3c4 Bxe5 21.
fxe5 Qc7 22. Nd6 Rf8 23. Rd3 Rad8 24. Rf6 Qe7 25. Rh3 h5 26. Qf4 Nc7 27. Rxh5
Ne6 28. Qh4 Qxf6 29. exf6 gxh5 30. Qxh5 Rxd6 31. Qg4+ Kh7 32. Qh4+ Kg6 33. Qg3+
Kxf6 34. Qxd6 Rd8 35. Qg3 Rd1+ 36. Kf2 Rd2+ 37. Ke1 Rxc2 38. Qh4+ Kg7 39. Qe4
Nd4 40. Kd1 f5 41. Qxd4+ cxd4 42. Kxc2 Kf6 43. Kd3 Ke5 44. g3 1-0

[Event "91st YMCA Spring 2011-C"]
[Site "Warszawa"]
[Date "2011.04.07"]
[Round "1"]
[White "Wrabel, Antoni"]
[Black "Krzyzanowski, Antoni"]
[Result "0-1"]
[WhiteElo "1751"]
[BlackElo "1793"]
[Annotator "M"]
[PlyCount "108"]
[EventDate "2011.04.06"]
[EventType "tourn"]
[EventRounds "1"]
[EventCountry "POL"]
[SourceDate "2011.04.06"]

1. e4 c5 2. Nf3 d6 3. d4 cxd4 4. Nxd4 Nf6 5. f3 e5 6. Nb3 Be6 7. Nc3 Nc6 8. Be3
d5 9. exd5 Nxd5 10. Nxd5 Bxd5 11. c4 Be6 12. Qxd8+ Rxd8 13. a3 Be7 14. Be2 O-O
15. O-O Nd4 16. Bxd4 exd4 17. Bd3 $11 b5 18. Nd2 bxc4 19. Nxc4 Bxc4 20. Bxc4 d3
21. Rfd1 Bc5+ 22. Kf1 d2 23. b4 Be3 24. Bb5 f5 25. g3 f4 26. Ke2 g5 27. Rab1
Kg7 28. Rb3 Rf7 29. Rd3 Rxd3 30. Kxd3 Rf6 31. Kc2 Rh6 32. gxf4 Rxh2 33. fxg5
Bxg5 34. Bd3 h5 35. Rg1 Kf6 36. f4 Bxf4 37. Rg6+ Ke5 38. Bc4 Rh1 39. Be2 Rc1+
40. Kd3 d1=Q+ 41. Bxd1 Rxd1+ 42. Kc2 Rd6 43. Rg7 Be3 44. a4 h4 45. a5 Rh6 46.
Re7+ Kf4 47. Kd3 Rd6+ 48. Ke2 Rd2+ 49. Ke1 Rb2 50. Rb7 h3 51. b5 h2 52. Rh7 Bg1
53. b6 axb6 54. axb6 Bxb6 0-1

[Event "91st YMCA Spring 2011-C"]
[Site "Warszawa"]
[Date "2011.04.06"]
[Round "1"]
[White "Wilczynski, Adam"]
[Black "Wyszomirski, Krzysztof"]
[Result "1-0"]
[WhiteElo "1768"]
[BlackElo "1728"]
[PlyCount "83"]
[EventDate "2011.04.06"]
[EventType "tourn"]
[EventRounds "1"]
[EventCountry "POL"]
[SourceDate "2011.04.06"]

1. c4 c5 2. g3 d6 3. Bg2 Nf6 4. Nc3 Nc6 5. Nf3 e6 6. O-O Bd7 7. d4 cxd4 8. Nxd4
Nxd4 9. Qxd4 Bc6 10. e4 Be7 11. b4 b6 12. b5 Bb7 13. a4 Rc8 14. a5 Qc7 15. axb6
axb6 16. Bb2 e5 17. Qe3 Ng4 18. Qe2 h5 19. Ra7 Nf6 20. Rc1 h4 21. Nd5 Nxd5 22.
cxd5 Qb8 23. Raa1 hxg3 24. hxg3 Rxc1+ 25. Bxc1 Bc8 26. Be3 Bd8 27. f4 Bf6 28.
f5 g6 29. fxg6 fxg6 30. Qf2 Rf8 31. Qc2 Bd8 32. Qc6+ Bd7 33. Ra8 Bxc6 34. Rxb8
Bd7 35. Bxb6 Ke7 36. Be3 Kf7 37. b6 Kg7 38. Bf2 Re8 39. b7 g5 40. Ra8 Bc7 41.
Rxe8 Bxe8 42. Ba7 1-0

[Event "91st YMCA Spring 2011-C"]
[Site "Warszawa"]
[Date "2011.04.15"]
[Round "1"]
[White "Kowalik, Pawel"]
[Black "Palka, Dominika"]
[Result "1/2-1/2"]
[WhiteElo "1735"]
[BlackElo "1766"]
[PlyCount "59"]
[EventDate "2011.04.06"]
[EventType "tourn"]
[EventRounds "1"]
[EventCountry "POL"]
[SourceDate "2011.04.06"]

1. c4 Nf6 2. Nc3 g6 3. d4 Bg7 4. g3 O-O 5. Bg2 d6 6. Nf3 Nbd7 7. O-O e5 8. dxe5
Nxe5 9. Nxe5 dxe5 10. Bg5 Qxd1 11. Rfxd1 c6 12. Rd6 Be6 13. b3 e4 14. Rc1 Ne8
15. Rd2 f5 16. f3 exf3 17. Bxf3 Nc7 18. Na4 Na6 19. Rd6 Rfe8 20. Rd2 h6 21. Bf4
g5 22. Bd6 Bf7 23. Nc5 Nxc5 24. Bxc5 Be6 25. Kf2 Be5 26. Bd6 Bf6 27. Bc5 Be5
28. Bd4 Bc7 29. Bc5 Be5 30. Bd6 1/2-1/2

[Event "91st YMCA Spring 2011-C"]
[Site "Warszawa"]
[Date "2011.04.06"]
[Round "1"]
[White "Szukalski, Antoni"]
[Black "Jarmolowski, Tadeusz"]
[Result "0-1"]
[WhiteElo "1815"]
[BlackElo "1723"]
[PlyCount "64"]
[EventDate "2011.04.06"]
[EventType "tourn"]
[EventRounds "1"]
[EventCountry "POL"]
[SourceDate "2011.04.06"]

1. e4 d5 2. exd5 Qxd5 3. Nc3 Qd6 4. d4 Nf6 5. Nf3 a6 6. g3 Bg4 7. Bg2 Nc6 8.
Be3 O-O-O 9. h3 Bh5 10. g4 Bg6 11. a3 e6 12. Qe2 Nd5 13. Nxd5 exd5 14. b4 Be7
15. O-O-O Nxb4 16. axb4 Qxb4 17. Rdg1 Qc3 18. Kd1 Ba3 19. Qd2 Qb2 20. Ne5 Rd6
21. Nd3 Qb5 22. Qc3 Qa4 23. Ne5 Be4 24. Bxe4 dxe4 25. Qc4 Qa5 26. Qxf7 Qxe5 27.
Ke1 Qb5 28. c4 Qb1+ 29. Ke2 Qd3+ 30. Ke1 Bb4+ 31. Bd2 Bxd2+ 32. Kd1 Bc3+ 0-1

[Event "91st YMCA Spring 2011-C"]
[Site "Warszawa"]
[Date "2011.04.13"]
[Round "2"]
[White "Kwiek, Janusz"]
[Black "Jarmolowski, Tadeusz"]
[Result "1/2-1/2"]
[WhiteElo "1755"]
[BlackElo "1723"]
[Annotator "M"]
[PlyCount "92"]
[EventDate "2011.04.06"]
[EventType "tourn"]
[EventRounds "1"]
[EventCountry "POL"]
[SourceDate "2011.04.06"]

1. Nf3 d5 2. d4 Nf6 3. c4 dxc4 4. Na3 e6 5. Nxc4 Be7 6. e3 O-O 7. Bd3 Nc6 8.
O-O Qd5 9. a3 Rd8 10. Qc2 b5 11. Nce5 Nxe5 12. Nxe5 c5 13. Bxb5 Bb7 14. Nf3
cxd4 15. Qc4 Qxc4 16. Bxc4 Rac8 17. Bb3 d3 18. Rd1 Ne4 19. Bd2 Bf6 20. Rab1 Rc2
21. Ba5 Rdc8 22. Rxd3 Rxb2 23. Rxb2 Bxb2 24. Bb4 g6 25. Rd1 Rc1 $11 26. Rxc1
Bxc1 27. Kf1 Bb2 28. Bc4 g5 29. a4 h6 30. a5 Bc3 31. Bxc3 Nxc3 32. Nd4 Kf8 33.
f3 Ke7 34. Ke1 Kd6 35. Kd2 Nb1+ 36. Kd3 Na3 37. Nb5+ Nxb5 38. Bxb5 Kc5 39. Be8
f6 40. Kc3 Ba6 41. g3 Bb5 42. Bf7 e5 43. f4 exf4 44. exf4 Bd7 45. Bc4 Bb5 46.
Bf7 $11 Bd7 1/2-1/2

[Event "91st YMCA Spring 2011-C"]
[Site "Warszawa"]
[Date "2011.04.13"]
[Round "2"]
[White "Palka, Dominika"]
[Black "Szukalski, Antoni"]
[Result "1/2-1/2"]
[WhiteElo "1766"]
[BlackElo "1815"]
[PlyCount "134"]
[EventDate "2011.04.06"]
[EventType "tourn"]
[EventRounds "1"]
[EventCountry "POL"]
[SourceDate "2011.04.06"]

1. d4 Nf6 2. c4 e6 3. Nc3 Bb4 4. e3 c5 5. Bd3 d5 6. a3 Bxc3+ 7. bxc3 dxc4 8.
Bxc4 b6 9. Nf3 Bb7 10. O-O Qc7 11. h3 O-O 12. Ba2 Nbd7 13. a4 Ne4 14. Bb2 Qc6
15. c4 Rfe8 16. Rc1 Rad8 17. Ne1 Ndf6 18. Qc2 h6 19. Nd3 Qc7 20. Ne5 Nh7 21.
Bb1 Nf8 22. Qe2 Nf6 23. Ng4 Nxg4 24. Qxg4 f5 25. Qg3 Qxg3 26. fxg3 Nd7 27. Bd3
cxd4 28. exd4 Nf6 29. Rfe1 Kf7 30. Re3 Ne4 31. g4 g6 32. Rf1 Nf6 33. gxf5 exf5
34. Rfe1 Rxe3 35. Rxe3 Re8 36. Rxe8 Nxe8 37. d5 Nd6 38. Ba3 Ke7 39. Kf2 Kd7 40.
Ke3 Ba6 41. Kd4 Nf7 42. Bc2 Nd6 43. Bd3 Nf7 44. Bb4 Bc8 45. c5 bxc5+ 46. Kxc5
Nd6 47. Kd4 g5 48. Ke5 Nf7+ 49. Kxf5 Kc7+ 50. Kf6 Nd6 51. Kg6 Bb7 52. Bxd6+
Kxd6 53. Be4 Bc8 54. Kxh6 Ke5 55. Bf3 Kf6 56. Kh7 a5 57. d6 Bd7 58. Bg4 Bxa4
59. Kh6 Bb3 60. Bd7 a4 61. Bxa4 Bxa4 62. g4 Bd7 63. Kh5 Be8+ 64. Kh6 Bd7 65.
Kh5 Be8+ 66. Kh6 Bd7 67. Kh5 Be8+ 1/2-1/2

[Event "91st YMCA Spring 2011-C"]
[Site "Warszawa"]
[Date "2011.04.13"]
[Round "2"]
[White "Wyszomirski, Krzysztof"]
[Black "Wroblewski, Szymon"]
[Result "1/2-1/2"]
[WhiteElo "1728"]
[BlackElo "1831"]
[Annotator "M"]
[PlyCount "97"]
[EventDate "2011.04.06"]
[EventType "tourn"]
[EventRounds "1"]
[EventCountry "POL"]
[SourceDate "2011.04.06"]

1. e4 c5 2. Nf3 Nc6 3. d4 cxd4 4. Nxd4 a6 5. c4 Nf6 6. Nc3 d6 7. h3 Qb6 8. Nb3
e6 9. Be3 Qc7 10. f4 Be7 11. a3 Nd7 12. Qf3 b6 13. Bd3 Bh4+ 14. g3 Bf6 15. O-O
Bb7 16. Qf2 Rb8 17. Rac1 Ba8 18. Nd2 Nc5 19. Bb1 O-O 20. b4 Nd7 21. Nf3 Rfc8
22. Rfd1 a5 23. Nb5 Qd8 24. Nxd6 Rc7 25. b5 Na7 26. f5 Nc8 27. Nxf7 Qe7 28.
fxe6 Qxe6 29. Bf4 Rbb7 30. Bxc7 Rxc7 31. N7g5 Qe7 32. Nxh7 Kxh7 33. e5+ Kh8 34.
exf6 Qxf6 35. Re1 Bxf3 36. Re8+ Nf8 37. Rf1 Nd6 38. Rxf8+ Qxf8 39. Qxf3 Qxf3
40. Rxf3 Kg8 41. Rd3 Nxb5 42. Rb3 Nd6 43. Rxb6 Nxc4 44. Ba2 Kf8 45. Rb8+ Ke7
46. a4 Nd6 47. Rb2 Rc3 48. Kg2 Nf5 49. g4 $11 1/2-1/2

[Event "91st YMCA Spring 2011-C"]
[Site "Warszawa"]
[Date "2011.04.13"]
[Round "2"]
[White "Krzyzanowski, Antoni"]
[Black "Wilczynski, Adam"]
[Result "1/2-1/2"]
[WhiteElo "1793"]
[BlackElo "1768"]
[PlyCount "116"]
[EventDate "2011.04.06"]
[EventType "tourn"]
[EventRounds "1"]
[EventCountry "POL"]
[SourceDate "2011.04.06"]

1. e4 c5 2. Nf3 d6 3. d4 Nf6 4. Nc3 cxd4 5. Nxd4 a6 6. h3 Nc6 7. g4 Nxd4 8.
Qxd4 e5 9. Qd3 Be6 10. Bg2 Rc8 11. Be3 Bc4 12. Qd2 Qa5 13. f4 exf4 14. Bxf4 Rd8
15. Qd4 Be6 16. b4 Qc7 17. O-O Nd7 18. Rad1 Qb6 19. Nd5 Bxd5 20. exd5 Qxd4+ 21.
Rxd4 Ne5 22. Bxe5 dxe5 23. Rc4 Bd6 24. a3 Ke7 25. Re4 Rc8 26. c4 b6 27. Rc1 f6
28. Re2 a5 29. c5 bxc5 30. Rec2 axb4 31. axb4 c4 32. Rxc4 Rxc4 33. Rxc4 Rb8 34.
Kf2 Rxb4 35. Rxb4 Bxb4 36. Ke3 Kd6 37. Ke4 Be1 38. Kf5 Bh4 39. Ke4 Kc5 40. Bf1
g6 41. Bg2 Bg5 42. Bf3 Kd6 43. Bg2 Bf4 44. Bf3 Bd2 45. Bg2 Ba5 46. Bf3 Bc7 47.
Bg2 Kc5 48. Bf3 Bd6 49. Bg2 Kc4 50. h4 Kc3 51. h5 Kd2 52. hxg6 hxg6 53. Bf1 Ke1
54. Bb5 Kf2 55. Be8 Kg3 56. Bxg6 Kxg4 57. Bf5+ Kg5 58. Be6 Be7 1/2-1/2

[Event "91st YMCA Spring 2011-C"]
[Site "Warszawa"]
[Date "2011.04.14"]
[Round "2"]
[White "Koziol, Pawel"]
[Black "Wrabel, Antoni"]
[Result "0-1"]
[WhiteElo "1814"]
[BlackElo "1751"]
[Annotator "M"]
[PlyCount "142"]
[EventDate "2011.04.06"]
[EventType "tourn"]
[EventRounds "1"]
[EventCountry "POL"]
[SourceDate "2011.04.06"]

1. e4 e5 2. Nf3 Nc6 3. Bb5 Nge7 4. O-O a6 5. Ba4 b5 6. Bb3 Ng6 7. d4 Na5 8.
dxe5 Nxb3 9. axb3 Bb7 10. Re1 Be7 11. Nc3 O-O 12. Nd5 d6 13. Nxe7+ Qxe7 14. Bg5
Qe6 15. exd6 cxd6 16. Qd4 Ne5 17. Nxe5 dxe5 18. Qe3 f6 19. Bh4 h5 20. f3 Rac8
21. Qe2 Rf7 22. Bf2 Rc6 23. b4 g5 24. Bc5 g4 25. Rad1 Rg7 26. Rd8+ Kh7 27. Red1
Bc8 28. R8d6 Rxd6 29. Rxd6 Qf7 30. f4 exf4 31. e5 fxe5 32. Qxe5 Qf5 33. Qe8 Bd7
34. Qe1 Qxc2 35. Rd2 Qf5 36. Bd4 Rf7 37. Qf1 Bc6 38. Bc3 Bd5 39. Qd3 Qxd3 40.
Rxd3 Rf5 41. Kf2 Kg6 42. Rd2 Kf7 43. Bd4 f3 44. g3 Bc4 45. Bc5 Rd5 46. Rxd5 $11
Bxd5 47. Ke3 Ke6 48. Kd3 Bc6 49. Bf2 Kd5 50. b3 Bd7 51. Ke3 Ke5 52. Kd3 Bf5+
53. Kc3 Ke4 54. Kd2 Be6 55. Kc3 Bf7 56. Kd2 Bxb3 57. Kc3 Bd5 58. Kd2 Bb7 59.
Kc3 Bc8 60. Kd2 Kd5 61. Kc3 Bf5 62. Bg1 f2 63. Bxf2 Ke4 64. Kd2 Kf3 65. Be1 Be4
66. Kd1 Kg2 67. Ke2 Bf3+ 68. Ke3 Kxh2 69. Kf2 Bd5 70. Kf1 Bc4+ 71. Kf2 h4 0-1

[Event "91st YMCA Spring 2011-C"]
[Site "Warszawa"]
[Date "2011.04.08"]
[Round "2"]
[White "Duda, Ryszard"]
[Black "Pastuszko, Kinga"]
[Result "0-1"]
[WhiteElo "1769"]
[BlackElo "1804"]
[PlyCount "68"]
[EventDate "2011.04.06"]
[EventType "tourn"]
[EventRounds "1"]
[EventCountry "POL"]
[SourceDate "2011.04.06"]

1. d4 d5 2. c4 Nc6 3. Nf3 Bg4 4. e3 e5 5. dxe5 dxc4 6. Qxd8+ Rxd8 7. Be2 Nb4 8.
Na3 b5 9. O-O a6 10. h3 Bxf3 11. Bxf3 Ne7 12. Be4 Ned5 13. Nc2 Nxc2 14. Bxc2
Bc5 15. a3 O-O 16. e4 Nb6 17. Bf4 Rfe8 18. Rfd1 Bd4 19. Rab1 Rd7 20. Kf1 g6 21.
Bg3 Bxe5 22. Bxe5 Rxe5 23. Rxd7 Nxd7 24. Rd1 Nc5 25. Rd5 Rxd5 26. exd5 Kg7 27.
Ke2 Kf6 28. f4 Ke7 29. Ke3 Kd6 30. Kd4 Nb3+ 31. Bxb3 cxb3 32. g4 f5 33. g5 a5
34. h4 a4 0-1

[Event "91st YMCA Spring 2011-C"]
[Site "Warszawa"]
[Date "2011.05.05"]
[Round "3"]
[White "Pastuszko, Kinga"]
[Black "Kwiek, Janusz"]
[Result "1-0"]
[WhiteElo "1804"]
[BlackElo "1755"]
[PlyCount "63"]
[EventDate "2011.04.06"]
[EventType "tourn"]
[EventRounds "1"]
[EventCountry "POL"]
[SourceDate "2011.04.06"]

1. e4 c5 2. Nf3 Nc6 3. d4 cxd4 4. Nxd4 e5 5. Nb5 d6 6. N1c3 a6 7. Na3 b5 8. Nd5
Nf6 9. Bg5 Be7 10. Bxf6 Bxf6 11. c4 Nd4 12. cxb5 O-O 13. bxa6 Bxa6 14. Bxa6
Rxa6 15. O-O Bg5 16. Nc2 Nxc2 17. Qxc2 Qb8 18. b4 Rc8 19. Qb3 Qa7 20. a4 Qd4
21. b5 Ra5 22. Qb4 Qxb4 23. Nxb4 Rc4 24. Nc6 Ra8 25. a5 Kf8 26. a6 Ke8 27. b6
Rxc6 28. b7 Rd8 29. a7 Kd7 30. a8=Q Kc7 31. b8=Q+ Rxb8 32. Ra7+ 1-0

[Event "91st YMCA Spring 2011-C"]
[Site "Warszawa"]
[Date "2011.04.19"]
[Round "3"]
[White "Wrabel, Antoni"]
[Black "Duda, Ryszard"]
[Result "1-0"]
[WhiteElo "1751"]
[BlackElo "1769"]
[PlyCount "137"]
[EventDate "2011.04.06"]
[EventType "tourn"]
[EventRounds "1"]
[EventCountry "POL"]
[SourceDate "2011.04.06"]

1. e4 c5 2. Nf3 d6 3. d4 cxd4 4. Nxd4 Nf6 5. f3 a6 6. c4 Nc6 7. Nc3 e5 8. Nc2
Be6 9. Be3 Nd7 10. Rc1 Be7 11. Be2 O-O 12. O-O Nb6 13. Nd5 Nd7 14. Qd2 Nf6 15.
Bb6 Qd7 16. Be3 Bxd5 17. cxd5 Na7 18. Qa5 Rfc8 19. Na3 Bd8 20. Qd2 b5 21. Bd3
Rxc1 22. Rxc1 Rc8 23. Rxc8 Nxc8 24. Nc2 Bb6 25. Nb4 Qb7 26. Nc6 Nd7 27. Kf1
Bxe3 28. Qxe3 Nc5 29. Bc2 Nb6 30. b3 Nc8 31. Qg5 Qc7 32. Qf5 Qd7 33. Qxd7 Nxd7
34. Ke2 Kf8 35. Kd3 Nc5+ 36. Kc3 Nb7 37. Kb4 Ke8 38. a4 bxa4 39. Kxa4 Nb6+ 40.
Kb4 Nd7 41. Bd3 Ndc5 42. Bc4 Kd7 43. Nb8+ Kc7 44. Nxa6+ Nxa6+ 45. Bxa6 Nc5 46.
Bc4 Kb6 47. Ka3 f6 48. b4 Nb7 49. Ka4 Nd8 50. Kb3 Nb7 51. Kc3 Nd8 52. Kd3 Nf7
53. Ke3 g5 54. g3 h6 55. Be2 Nh8 56. f4 Ng6 57. f5 Nh8 58. Kf2 Nf7 59. Bh5 Nd8
60. Be8 g4 61. Kg2 h5 62. Bxh5 Kb5 63. Bxg4 Kxb4 64. Bh5 Nb7 65. h4 Nc5 66. Bf3
Nd7 67. g4 Kc4 68. g5 fxg5 69. hxg5 1-0

[Event "91st YMCA Spring 2011-C"]
[Site "Warszawa"]
[Date "2011.04.20"]
[Round "3"]
[White "Wilczynski, Adam"]
[Black "Koziol, Pawel"]
[Result "0-1"]
[WhiteElo "1768"]
[BlackElo "1814"]
[PlyCount "72"]
[EventDate "2011.04.06"]
[EventType "tourn"]
[EventRounds "1"]
[EventCountry "POL"]
[SourceDate "2011.04.06"]

1. c4 e5 2. g3 c6 3. d4 exd4 4. Qxd4 Nf6 5. Bg2 d6 6. Nc3 Qb6 7. Nf3 Be6 8. b3
Nbd7 9. Qd1 Be7 10. O-O d5 11. cxd5 Nxd5 12. Na4 Qc7 13. e4 N5f6 14. Bf4 Qa5
15. Nd4 Bg4 16. Qc2 O-O 17. h3 c5 18. Nf5 Bxf5 19. exf5 Nh5 20. Bxb7 Nxf4 21.
Bxa8 Nxh3+ 22. Kh2 Rxa8 23. Kxh3 Bf6 24. Rad1 Bd4 25. a3 Qa6 26. b4 Ne5 27.
Nxc5 Bxc5 28. Qxc5 Qf6 29. Qc2 g5 30. fxg6 hxg6 31. Kg2 Qf3+ 32. Kg1 Kg7 33.
Rd4 Rh8 34. Rh4 Rxh4 35. gxh4 Qg4+ 36. Kh2 Nf3+ 0-1

[Event "91st YMCA Spring 2011-C"]
[Site "Warszawa"]
[Date "2011.04.20"]
[Round "3"]
[White "Wroblewski, Szymon"]
[Black "Krzyzanowski, Antoni"]
[Result "1-0"]
[WhiteElo "1831"]
[BlackElo "1793"]
[PlyCount "33"]
[EventDate "2011.04.06"]
[EventType "tourn"]
[EventRounds "1"]
[EventCountry "POL"]
[SourceDate "2011.04.06"]

1. e4 c5 2. Nf3 e6 3. d4 cxd4 4. Nxd4 a6 5. Be2 Qc7 6. O-O Nf6 7. Nc3 Bb4 8.
Qd3 O-O 9. f4 Bxc3 10. bxc3 d5 11. e5 Ne4 12. c4 Nc6 13. Ba3 Rd8 14. cxd5 Rxd5
15. Qxe4 Nxd4 16. Bd3 b5 17. Qxh7# 1-0

[Event "91st YMCA Spring 2011-C"]
[Site "Warszawa"]
[Date "2011.04.20"]
[Round "3"]
[White "Szukalski, Antoni"]
[Black "Major, Boguslaw"]
[Result "1-0"]
[WhiteElo "1815"]
[BlackElo "1811"]
[PlyCount "87"]
[EventDate "2011.04.06"]
[EventType "tourn"]
[EventRounds "1"]
[EventCountry "POL"]
[SourceDate "2011.04.06"]

1. e4 Nf6 2. e5 Nd5 3. d4 d6 4. c4 Nb6 5. exd6 exd6 6. Nf3 Be7 7. h3 Nc6 8. a3
Bf6 9. Be2 d5 10. c5 Nd7 11. Be3 O-O 12. Nc3 Ne7 13. Qc2 Re8 14. O-O Nf8 15.
Bd3 Neg6 16. Rfe1 Ne6 17. Rad1 c6 18. b4 Qc7 19. Qd2 Bd7 20. Rb1 Nef4 21. Bc2
b5 22. Ne2 Nxe2+ 23. Qxe2 Re7 24. Qd2 Rae8 25. Ra1 Qc8 26. Qd3 Bxh3 27. gxh3
Qxh3 28. Qf5 Qxf5 29. Bxf5 Nf8 30. Kf1 g6 31. Bh3 Bg7 32. a4 bxa4 33. Rxa4 f5
34. Rea1 Rb7 35. Bd2 Ne6 36. Rxa7 Rxa7 37. Rxa7 Bxd4 38. Nxd4 Nxd4 39. Bc3 Ne2
40. Bd2 Nd4 41. Bg2 Nb5 42. Ra6 Rc8 43. Rb6 h5 44. Bxd5+ 1-0

[Event "91st YMCA Spring 2011-C"]
[Site "Warszawa"]
[Date "2011.04.20"]
[Round "3"]
[White "Jarmolowski, Tadeusz"]
[Black "Palka, Dominika"]
[Result "0-1"]
[WhiteElo "1723"]
[BlackElo "1766"]
[PlyCount "74"]
[EventDate "2011.04.06"]
[EventType "tourn"]
[EventRounds "1"]
[EventCountry "POL"]
[SourceDate "2011.04.06"]

1. e4 e5 2. f4 exf4 3. Nf3 Ne7 4. d4 d5 5. Bd3 dxe4 6. Bxe4 f5 7. Bd3 Ng6 8.
O-O Nc6 9. Bc4 Be7 10. Re1 Na5 11. Qd3 Nxc4 12. Qxc4 Qd6 13. Nc3 Bd7 14. Ng5
Rf8 15. Nxh7 Rh8 16. Ng5 Qf6 17. Nf3 O-O-O 18. Nd5 Qd6 19. Rxe7 b5 20. Qxc7+
Qxc7 21. Nxc7 Nxe7 22. Bxf4 Ng6 23. Bd6 Bc6 24. Nxb5 Bxb5 25. Bc5 Kb7 26. a4
Bc6 27. Ng5 Bd5 28. b3 Rh5 29. Nf3 Rdh8 30. Re1 Bxf3 31. gxf3 Rxh2 32. Re6 Rh1+
33. Kf2 R8h2+ 34. Kg3 f4+ 35. Kg4 Rg2+ 36. Kf5 Rh5+ 37. Ke4 Re2+ 0-1

[Event "91st YMCA Spring 2011-C"]
[Site "Warszawa"]
[Date "2011.04.27"]
[Round "4"]
[White "Kwiek, Janusz"]
[Black "Palka, Dominika"]
[Result "1/2-1/2"]
[WhiteElo "1755"]
[BlackElo "1766"]
[PlyCount "114"]
[EventDate "2011.04.06"]
[EventType "tourn"]
[EventRounds "1"]
[EventCountry "POL"]
[SourceDate "2011.04.06"]

1. Nf3 Nf6 2. d4 g6 3. c4 Bg7 4. Nc3 d6 5. e4 O-O 6. Be2 Nbd7 7. O-O e5 8. dxe5
dxe5 9. Qc2 c6 10. Rd1 Qc7 11. h3 Nc5 12. Be3 Ne6 13. Rd2 Nh5 14. Rad1 Nef4 15.
Bf1 f5 16. Bc5 Re8 17. Bd6 Qf7 18. c5 fxe4 19. Nxe4 h6 20. Bc4 Be6 21. Bxe6
Qxe6 22. Qb3 Qxb3 23. axb3 Nf6 24. Nxf6+ Bxf6 25. Re1 Rad8 26. Kf1 e4 27. Bxf4
exf3 28. Rxe8+ Rxe8 29. gxf3 g5 30. Be3 Kf7 31. f4 Re4 32. fxg5 hxg5 33. Rd7+
Re7 34. Rd1 Re4 35. Rd3 Kg6 36. f3 Rh4 37. Rd7 Rb4 38. Rd3 Bxb2 39. Bd2 Ra4 40.
Kg2 Rd4 41. Rxd4 Bxd4 42. b4 Kf5 43. Kf1 b6 44. cxb6 axb6 45. Ke2 c5 46. Kd3
Be5 47. bxc5 bxc5 48. Be3 Bd4 49. Bc1 Be5 50. Kc4 Bf4 51. Bb2 Be3 52. Kd3 Kf4
53. Ke2 c4 54. Bf6 Bc1 55. Kd1 Be3 56. Ke2 Bc1 57. Kd1 Be3 1/2-1/2

[Event "91st YMCA Spring 2011-C"]
[Site "Warszawa"]
[Date "2011.05.05"]
[Round "4"]
[White "Major, Boguslaw"]
[Black "Jarmolowski, Tadeusz"]
[Result "0-1"]
[WhiteElo "1811"]
[BlackElo "1723"]
[PlyCount "70"]
[EventDate "2011.04.06"]
[EventType "tourn"]
[EventRounds "1"]
[EventCountry "POL"]
[SourceDate "2011.04.06"]

1. d4 Nf6 2. c4 e6 3. Nf3 b6 4. Nc3 Bb4 5. Bd2 Bb7 6. e3 O-O 7. Bd3 d5 8. cxd5
exd5 9. a3 Bxc3 10. bxc3 Nbd7 11. Qc2 c5 12. h4 cxd4 13. cxd4 Rc8 14. Qb3 Ne4
15. Bb4 Re8 16. Bxe4 Rxe4 17. Ng5 Re8 18. Bd6 Qf6 19. Qd3 Qxd6 20. Qxh7+ Kf8
21. h5 Qh6 22. Qf5 Nf6 23. g4 Rc7 24. O-O Bc8 25. Qf4 Rce7 26. f3 Rxe3 27. Rac1
R3e7 28. Rc6 Kg8 29. Rfc1 Be6 30. Kf2 Nh7 31. Nxe6 Rxe6 32. Rxe6 Qxe6 33. g5 f6
34. g6 Ng5 35. Kf1 Qe2+ 0-1

[Event "91st YMCA Spring 2011-C"]
[Site "Warszawa"]
[Date "2011.04.27"]
[Round "4"]
[White "Wyszomirski, Krzysztof"]
[Black "Szukalski, Antoni"]
[Result "1-0"]
[WhiteElo "1728"]
[BlackElo "1815"]
[PlyCount "93"]
[EventDate "2011.04.06"]
[EventType "tourn"]
[EventRounds "1"]
[EventCountry "POL"]
[SourceDate "2011.04.06"]

1. e4 e5 2. Nf3 Nc6 3. Bb5 a6 4. Ba4 Nf6 5. O-O b5 6. Bb3 Be7 7. Re1 d6 8. c3
O-O 9. h3 Na5 10. Bc2 c5 11. d4 Qc7 12. Nbd2 Bd7 13. Nf1 Rac8 14. Ne3 cxd4 15.
cxd4 Rfe8 16. Bd2 Bf8 17. dxe5 dxe5 18. Bc3 Nc6 19. Nd5 Qd8 20. Nxf6+ gxf6 21.
Nh2 b4 22. Bd2 Nd4 23. Bd3 a5 24. Ng4 Qe7 25. Be3 Ne6 26. Qf3 Bg7 27. Qg3 Kh8
28. Qh4 Nf8 29. f4 Be6 30. fxe5 Bxg4 31. exf6 Qxf6 32. Qxg4 Qxb2 33. Qf5 Qe5
34. Qxf7 Re7 35. Qf2 Rc3 36. Rad1 Rd7 37. Bc2 Qc7 38. Bb3 Qc6 39. Bd4 Rxd4 40.
Rxd4 a4 41. Rd8 Qh6 42. Bxa4 Rxh3 43. Rxf8+ Bxf8 44. gxh3 Qg5+ 45. Kh1 Bc5 46.
Qg2 Qh4 47. Rd1 1-0

[Event "91st YMCA Spring 2011-C"]
[Site "Warszawa"]
[Date "2011.04.29"]
[Round "4"]
[White "Krzyzanowski, Antoni"]
[Black "Kowalik, Pawel"]
[Result "0-1"]
[WhiteElo "1793"]
[BlackElo "1735"]
[PlyCount "108"]
[EventDate "2011.04.06"]
[EventType "tourn"]
[EventRounds "1"]
[EventCountry "POL"]
[SourceDate "2011.04.06"]

1. e4 e5 2. f4 d5 3. exd5 exf4 4. Nf3 Nf6 5. Bc4 Nxd5 6. Bb3 Be7 7. c4 Nf6 8.
d4 O-O 9. O-O Bg4 10. Bxf4 Nc6 11. d5 Bc5+ 12. Kh1 Nd4 13. Nbd2 Re8 14. h3 Bh5
15. g4 Bg6 16. Ne5 Ne4 17. Nxe4 Bxe4+ 18. Kh2 f6 19. Nd3 Bxd3 20. Qxd3 Re2+ 21.
Kh1 Qe7 22. Rab1 Nxb3 23. axb3 Re8 24. Bd2 Qe4+ 25. Qxe4 R8xe4 26. Rbe1 Bd6 27.
Bc3 Rh2+ 28. Kg1 Rxe1 29. Rxe1 Rxh3 30. Re8+ Kf7 31. Ra8 Rh4 32. Kf1 Rxg4 33.
Rxa7 b6 34. Ra8 h5 35. Rh8 h4 36. Kf2 g5 37. Rh6 Rf4+ 38. Kg2 Kg7 39. Rh5 Kg6
40. Rh8 Kf5 41. Rh6 Be5 42. Rh7 Kg6 43. Rh8 Bd6 44. Rg8+ Kh5 45. Rh8+ Kg4 46.
Rh6 f5 47. Bf6 Re4 48. Rg6 h3+ 49. Kf2 Bf4 50. Bd8 Rd4 51. Rg7 h2 52. Rh7 Rd1
53. Kg2 Rg1+ 54. Kf2 h1=Q 0-1

[Event "91st YMCA Spring 2011-C"]
[Site "Warszawa"]
[Date "2011.05.20"]
[Round "4"]
[White "Koziol, Pawel"]
[Black "Wroblewski, Szymon"]
[Result "1-0"]
[WhiteElo "1814"]
[BlackElo "1831"]
[PlyCount "51"]
[EventDate "2011.04.06"]
[EventType "tourn"]
[EventRounds "1"]
[EventCountry "POL"]
[SourceDate "2011.04.06"]

1. Nf3 c5 2. g3 d5 3. Bg2 Nf6 4. O-O Nc6 5. c4 d4 6. d3 e5 7. a3 Be7 8. b4 Qc7
9. e3 cxb4 10. exd4 exd4 11. axb4 Bxb4 12. Bb2 Qb6 13. Nbd2 O-O 14. Nb3 Bg4 15.
Qc2 a5 16. c5 Qb5 17. Nfxd4 Nxd4 18. Bxd4 Rfd8 19. Bxf6 gxf6 20. c6 Rac8 21.
Qb2 bxc6 22. Qxf6 Qxd3 23. Nxa5 Rd6 24. Qf4 Be2 25. Qxb4 Bxf1 26. Qg4+ 1-0